000 00454nam a22001697a 4500
999 _c525460
_d525460
003 NUST
038 _aArshad
082 _a891.4911
_bZAH
100 _aZahid, Asamatallah
_916349
245 _aAdab Parit /
_cAsamatallah zahid
260 _aLahore :
_bA-One publisher,
_c1989.
300 _a176 p. ;
650 _aPunjabi litrature
_916249
880 _6100-01\r
_aعصمت اللہ زاہد
880 _6245-02\r
_aادب پریت /
942 _2ddc
_cBK